Высшая математика в упражнениях и задачах: учебное пособие; в 2 ч.

Bibliographic Details
Other Authors: Данко П. Е. Павел Ефимович, Попов А. Г. Александр Георгиевич, Кожевникова Т. Я. Татьяна Яковлевна, Данко С. П. Сергей Павлович
Language:Russian
Published: Москва, Мир и Образование, 2015
Edition:7-е изд., испр.
Format: Book
KOHA link:https://koha.lib.tpu.ru/cgi-bin/koha/opac-detail.pl?biblionumber=306237

MARC

LEADER 00000nam1a2200000 4500
001 306237
005 20231101011307.0
010 |a 9785946665650 
035 |a (RuTPU)RU\TPU\book\331514 
035 |a BOOK00007968 
035 |a RU\TPU\book\7909 
035 |a RU\TPU\book\331514 
090 |a 306237 
100 |a 20011209d2015 m y0rusy50 ca 
101 0 |a rus 
102 |a RU 
200 1 |a Высшая математика в упражнениях и задачах  |e учебное пособие  |e в 2 ч.  |f П. Е. Данко [и др.] 
205 |a 7-е изд., испр. 
210 |a Москва  |c Мир и Образование  |d 2015 
701 1 |a Данко  |b П. Е.  |g Павел Ефимович 
701 1 |a Попов  |b А. Г.  |g Александр Георгиевич 
701 1 |a Кожевникова  |b Т. Я.  |g Татьяна Яковлевна 
701 1 |a Данко  |b С. П.  |g Сергей Павлович 
801 1 |a RU  |b 63413507  |c 20151002 
801 2 |a RU  |b 63413507  |c 20151015  |g RCR 
942 |c BK